书目信息 |
| 题名: |
经济.科技.社会
|
|
| 作者: | 周风 | |
| 分册: | ||
| 出版信息: | 经济科学出版社 1997.10 |
|
| 页数: | 221页 | |
| 开本: | 32开 | |
| 丛书名: | ||
| 单 册: | ||
| 中图分类: | F32-53 | |
| 科图分类: | ||
| 主题词: | 农业经济--中国 | |
| 电子资源: | ||
| ISBN: | ||
| 000 | 00496nam0 2200193 45 | |
| 001 | 0308271080 | |
| 005 | 20030827105639.1 | |
| 010 | @dRMB9.10 | |
| 100 | @a20030827d1997 km y0chiy0120 ea | |
| 101 | @achi | |
| 105 | @a z 000yy | |
| 200 | 1 | @a经济.科技.社会@Ajing ji.ke ji.she hui@f周风@Fzhou feng |
| 210 | @c经济科学出版社@d1997.10 | |
| 215 | @a221页@c无图表@d32开 | |
| 606 | 0 | @a农业经济@x中国 |
| 690 | @aF32-53@v3 | |
| 701 | 0 | @a周风 |
| 801 | @aCN@b@c20030827 | |
| 905 | @aBZT@dF32-53@e136 | |
| 经济.科技.社会/周风.-经济科学出版社,1997.10 |
| 221页:无图表;32开 |
| ISBN :RMB9.10 |
| ● |
| 相关链接 |
|
|
|
正题名:经济·科技·社会
索取号:F32-53/136
 
预约/预借
| 序号 | 登录号 | 条形码 | 馆藏地/架位号 | 状态 | 备注 |